MARC details
| 000 -CABECERA |
| campo de control de longitud fija |
03983nam a2200337 a 4500 |
| 003 - IDENTIFICADOR DEL NÚMERO DE CONTROL |
| campo de control |
CHAP |
| 005 - FECHA Y HORA DE LA ÚLTIMA TRANSACCIÓN |
| campo de control |
20250630134158.0 |
| 007 - CAMPO FIJO DE DESCRIPCIÓN FÍSICA--INFORMACIÓN GENERAL |
| campo de control de longitud fija |
ta |
| 008 - DATOS DE LONGITUD FIJA--INFORMACIÓN GENERAL |
| campo de control de longitud fija |
190523s2020 mx abdofr| ||1|||spa d |
| 040 ## - FUENTE DE LA CATALOGACIÓN |
| Centro catalogador/agencia de origen |
mxchpua |
| Centro/agencia transcriptor |
CHAP |
| 041 ## - CÓDIGO DE LENGUA |
| Código de lengua del texto/banda sonora o título independiente |
spa |
| Código de lengua del sumario o resumen |
spa |
| Código de lengua de la tabla de contenido |
spa |
| Código de lengua original |
spa |
| 050 10 - SIGNATURA TOPOGRÁFICA DE LA BIBLIOTECA DEL CONGRESO |
| Número de clasificación |
C HD9014.M63 |
| Número de documento/Ítem |
.P36 2020 |
| 082 00 - NÚMERO DE LA CLASIFICACIÓN DECIMAL DEWEY |
| Número de clasificación |
C 630.972 |
| Número de documento/Ítem |
P36 2020 |
| Número de edición |
20 |
| 110 1# - ENTRADA PRINCIPAL--NOMBRE DE ENTIDAD CORPORATIVA |
| 9 (RLIN) |
162096 |
| Nombre de entidad corporativa o nombre de jurisdicción como elemento de entrada |
Servicio de Información Agroalimentaria y Pesquera (SIAP) |
| 245 10 - MENCIÓN DE TÍTULO |
| Título |
Panorama agroalimentario 2020 / |
| Mención de responsabilidad, etc. |
Servicio de Información Agroalimentaria y Pesquera |
| 250 ## - MENCIÓN DE EDICIÓN |
| Mención de edición |
1a edición |
| 264 ## - PRODUCCIÓN, PUBLICACIÓN, DISTRIBUCIÓN, FABRICACIÓN Y COPYRIGHT |
| Producción, publicación, distribución, fabricación y copyright |
México : |
| Nombre del de productor, editor, distribuidor, fabricante |
SADER. Servicio de Información Agroalimentaria y Pesquera, |
| Fecha de producción, publicación, distribución, fabricación o copyright |
2020 |
| 300 ## - DESCRIPCIÓN FÍSICA |
| Extensión |
196 páginas : |
| Otras características físicas |
ilustraciones, gráficas, mapas y fotos |
| 336 ## - TIPO DE CONTENIDO |
| Fuente |
rdacontent |
| Término de tipo de contenido |
texto |
| Código de tipo de contenido |
txt |
| 337 ## - TIPO DE MEDIO |
| Fuente |
rdamedia |
| Nombre/término del tipo de medio |
sinmedia |
| Código del tipo de medio |
n |
| 338 ## - TIPO DE SOPORTE |
| Fuente |
rdacarrier |
| Nombre/término del tipo de soporte |
volumen |
| Código del tipo de soporte |
nc |
| 505 0# - NOTA DE CONTENIDO CON FORMATO |
| Nota de contenido con formato |
Presentación --<br/>Servicio de Información Agroalimentaria y Pesquera (SIAP): Información que alimenta --<br/>México : sector agroalimentario en cifras --<br/>¿Quienes generan la producción agropecuaria y pesquera en México? --<br/>Productos agroalimentarios mexicanos: presencia en los mercados internacionales --<br/>Sector exportador agroalimentario de México --<br/>Estación de Recepción México (ERMEX): monitoreo permanente del territorio --<br/>Sistemas aéreos no tripulados: innovación tecnológica --<br/>La frontera agrícola: lugar donde se siembra el bienestar --<br/>Estimación de superficie agrícola: nível de análisis de las siembras --<br/>Vulnerabilidad en áreas agrícolas: disponibilidad de agua en presas --<br/>Infraestructura agroalimentaria: la capacidad operativa del sector --<br/>Regiones agroalimentarias de México --<br/>Calendario agrícola 2020 --<br/>SUBSECTOR AGRÍCOLA --<br/>SECTOR PECUARIO --<br/>SECTOR PESQUERO --<br/>Productos y fracciones arancelarias |
| 520 2# - SUMARIO, ETC. |
| Sumario, etc. |
Después de un año de arduo trabajo y mucho esfuerzo, el jueves 26 de noviembre se lanzó oficialmente la publicación del Panorama Agroalimentario 2020, el cual es fruto del trabajo de los especialistas del Servicio de Información Agroalimentaria y Pesquera.<br/><br/>Liderando este gran equipo de trabajo, la Lic. Patricia Ornelas Ruiz, dió a conocer las principales características de esta publicación, con un emotivo discurso en el que enalteció el trabajo de los productores de todo el sector primario, ya que gracias a su esfuerzo y dedicación, se ha mantenido la producción constante de alimentos aun en tiempos difíciles debido a la pandemia por COVID. Además afirmó que el “El campo mexicano es motivo de orgullo por su grandeza y la excelencia de sus productores”.<br/><br/>Por otro lado, el Secretario de la SADER, el Dr. Victor Manuel Villalobos Arámbula, brindó también un breve discurso relativo al campo y como este no se ha detenido a pesar de las adversidades, y al contrario, este seguirá creciendo hasta alcanzar la autosuficiencia alimentaria.<br/><br/>En este evento se contó también con la participación de invitados de gran importancia internacional, tales como la doctora Lina Pohl, representante de la FAO en México, quien hizo hincapié en que el Panorama Agroalimentario 2020 es una herramienta vital para los organismos internacionales, para los tomadores de decisiones, para los productores y para la academia. Invitó al público en general a utilizar y a divulgar esta información, la cual incrementa su valor cuando es utilizada y compartida en diversos ámbitos.<br/><br/>Si deseas consultar esta publicación, recuerda que se encuentra disponible en la página del SIAP, en el apartado de Panorama Agroalimentario 2020. |
| 650 13 - PUNTO DE ACCESO ADICIONAL DE MATERIA--TÉRMINO DE MATERIA |
| Término de materia o nombre geográfico como elemento de entrada |
Alimentos |
| Subdivisión general |
Estadísticas |
| Subdivisión geográfica |
México |
| 9 (RLIN) |
135721 |
| 650 13 - PUNTO DE ACCESO ADICIONAL DE MATERIA--TÉRMINO DE MATERIA |
| Término de materia o nombre geográfico como elemento de entrada |
Foods |
| Subdivisión general |
Statistics |
| Subdivisión geográfica |
Mexico |
| 9 (RLIN) |
156172 |
| 651 13 - PUNTO DE ACCESO ADICIONAL DE MATERIA--NOMBRE GEOGRÁFICO |
| 9 (RLIN) |
160652 |
| Nombre geográfico |
México |
| Subdivisión general |
Agricultura |
| -- |
Estadísticas |
| 651 13 - PUNTO DE ACCESO ADICIONAL DE MATERIA--NOMBRE GEOGRÁFICO |
| 9 (RLIN) |
186478 |
| Nombre geográfico |
Mexico |
| Subdivisión general |
Agriculture |
| -- |
Statistics |
| 710 1# - PUNTO DE ACCESO ADICIONAL--NOMBRE DE ENTIDAD CORPORATIVA |
| Nombre de entidad corporativa o nombre de jurisdicción como elemento de entrada |
Secretaría de Agricultura y Desarrollo Rural (SADER) |
| 9 (RLIN) |
186552 |
| Unidad subordinada |
Servicio de Información Agroalimentaria y Pesquera (SIAP) |
| 942 ## - ELEMENTOS DE PUNTO DE ACCESO ADICIONAL (KOHA) |
| Tipo de ítem Koha |
Libro |
| Fuente del sistema de clasificación o colocación |
Dewey Decimal Classification |
| 901 ## - ELEMENTOS DE DATOS A LOCAL LDA (RLIN) |
| a |
C 630.972 P36 2020 |